Information and coding theory / (Record no. 219325)

000 -LEADER
fixed length control field 01082 a2200253 4500
003 - CONTROL NUMBER IDENTIFIER
control field Nust
005 - DATE AND TIME OF LATEST TRANSACTION
control field 20220720104300.0
010 ## - LIBRARY OF CONGRESS CONTROL NUMBER
LC control number 00030074
020 ## - INTERNATIONAL STANDARD BOOK NUMBER
International Standard Book Number 1852336226 (acid-free paper)
040 ## - CATALOGING SOURCE
Transcribing agency Nust
082 00 - DEWEY DECIMAL CLASSIFICATION NUMBER
Classification number 003.54,JON
100 1# - MAIN ENTRY--PERSONAL NAME
Personal name Jones, Gareth A.,
9 (RLIN) 94009
245 10 - TITLE STATEMENT
Title Information and coding theory /
Statement of responsibility, etc. Gareth A. Jones and J. Mary Jones.
260 ## - PUBLICATION, DISTRIBUTION, ETC.
Place of publication, distribution, etc. London ;
-- New York :
Name of publisher, distributor, etc. Springer,
Date of publication, distribution, etc. c2000.
300 ## - PHYSICAL DESCRIPTION
Extent xiii, 210 p. :
Other physical details ill. ;
Dimensions 24 cm.
440 #0 - SERIES STATEMENT/ADDED ENTRY--TITLE
Title Springer undergraduate mathematics series
9 (RLIN) 8874
505 ## - FORMATTED CONTENTS NOTE
Formatted contents note Source Coding (Page-1), Optimal Codes (Page-19), Entropy (Page-35), Information Channels,(Page-55), Using an Unreliable Channel (Page-79), Error-correcting Codes(Page-97), Linear Codes (Page121-)
650 #0 - SUBJECT ADDED ENTRY--TOPICAL TERM
Topical term or geographic name entry element Coding theory.
9 (RLIN) 3106
650 #0 - SUBJECT ADDED ENTRY--TOPICAL TERM
Topical term or geographic name entry element Information theory.
9 (RLIN) 3107
700 1# - ADDED ENTRY--PERSONAL NAME
Personal name Jones, J. Mary
Dates associated with a name 1946-
9 (RLIN) 94010
856 42 - ELECTRONIC LOCATION AND ACCESS
Materials specified Publisher description
Uniform Resource Identifier <a href="http://www.loc.gov/catdir/enhancements/fy0816/00030074-d.html">http://www.loc.gov/catdir/enhancements/fy0816/00030074-d.html</a>
856 42 - ELECTRONIC LOCATION AND ACCESS
Materials specified Table of contents only
Uniform Resource Identifier <a href="http://www.loc.gov/catdir/enhancements/fy0816/00030074-t.html">http://www.loc.gov/catdir/enhancements/fy0816/00030074-t.html</a>
942 ## - ADDED ENTRY ELEMENTS (KOHA)
Source of classification or shelving scheme
Koha item type Reference
Holdings
Withdrawn status Lost status Source of classification or shelving scheme Damaged status Not for loan Permanent Location Current Location Shelving location Date acquired Full call number Barcode Date last seen Price effective from Koha item type Public note
          Military College of Signals (MCS) Military College of Signals (MCS) Reference 12/12/2016 003.54 JON MCS37491 12/08/2016 12/12/2016 Reference Almirah No.17, Shelf No.1
© 2023 Central Library, National University of Sciences and Technology. All Rights Reserved.